000 00503nam a2200193Ia 4500
003 OSt
005 20250113093427.0
008 210210b1980 xxu||||| |||| 00| 0 eng d
040 _cAL
041 _aKannada
082 _aK894.308 BICD
100 _aBICHI.
_9131421
_dಬೀಚಿ
245 _aDevarige prithi.
_bದೇವರಿಗೆ ಪ್ರೀತಿ
260 _aBengaluru
_bPrakasha Sahitya
_c1980
300 _a152
690 _aKannada Fiction
_9131422
906 _a036080
942 _2ddc
_cBK
999 _c86622
_d86622